| 000 | 01166cam a2200289 a 4500 | ||
|---|---|---|---|
| 999 |
_c331631 _d331631 |
||
| 001 | 2994701 | ||
| 003 | NUST | ||
| 005 | 20171010131649.0 | ||
| 008 | 930203s1994 nyua b 001 0 eng | ||
| 010 | _a 93000427 | ||
| 020 | _a0023767863 | ||
| 040 |
_aDLC _cDLC _dDLC |
||
| 050 | 0 | 0 |
_aHD2326 _b.M35 1994 |
| 082 | 0 | 0 |
_a338.9 _220 |
| 100 | 1 |
_aMartin, Stephen, _d1948- _95322 |
|
| 245 | 1 | 0 |
_aIndustrial economics : _beconomic analysis and public policy / _cStephen Martin. |
| 250 | _a2nd ed. | ||
| 260 |
_aNew York : _bMacmillan ; _aToronto : _bMaxwell Macmillan Canada ; _aNew York : _bMaxwell Macmillan International, _cc1994. |
||
| 300 |
_axiii, 623 p. : _bill. ; _c24 cm. |
||
| 504 | _aIncludes bibliographical references (p. 563-606) and indexes. | ||
| 650 | 0 |
_aIndustrial organization (Economic theory) _95323 |
|
| 650 | 0 |
_aIndustrial policy. _95324 |
|
| 650 | 0 |
_aIndustrial organization (Economic theory) _vCase studies. _95325 |
|
| 650 | 0 |
_aIndustrial policy _vCase studies. _95326 |
|
| 906 |
_a7 _bcbc _corignew _d1 _eocip _f19 _gy-gencatlg |
||
| 942 |
_2ddc _cBK |
||